| 000 | 00575cam a2200181ua 4500 | ||
|---|---|---|---|
| 001 | 5551 | ||
| 008 | 131004n ii |||gr||||Z||||||eng | ||
| 020 | _a978-81-7049-428-7 | ||
| 040 | _cMAIN | ||
| 082 | _a305.8 | ||
| 245 | 1 | 1 |
_aAmazing Ladakh Travel,trekking,culture,wildlife : _bLeh,KargilZanskar Siachen / _cby Parvez Dewan . |
| 260 |
_aDelhi: _bManash Publications, _c2012. |
||
| 300 | _ax,439p. | ||
| 653 | _aSociology | ||
| 653 | _aAmazing Ladakh Travel,trekking,religion,culture,wildlife,Leh Kargil Zanskar Siachen | ||
| 700 | 1 |
_aDewan,Parvez, _eAuthor. |
|
| 942 | _cBK | ||
| 999 |
_c4717 _d4717 |
||